Loading...
| Beliefs | 0 | 5 | 0 | 1 | 50 | 85 | 114.80 | 3 | 5 |
| Science - Biology | 0 | 3 | 0 | 1 | 30 | 90 | 106.67 | 2 | 3 |
| History - World History | 0 | 2 | 0 | 0 | 20 | 124 | 124.00 | 0 | 2 |
| Other Academic | 0 | 2 | 0 | 2 | 20 | 123 | 128.00 | 0 | 2 |
| Other Science: Earth Science | 0 | 2 | 0 | 1 | 20 | 137 | 143.50 | 0 | 2 |
| History - European History | 0 | 2 | 0 | 1 | 20 | 85 | 105.00 | 0 | 2 |
| Other Arts: Visual | 0 | 1 | 0 | 0 | 10 | 103 | 103.00 | 1 | 1 |
| Philosophy | 0 | 1 | 0 | 0 | 10 | 138 | 138.00 | 0 | 1 |
| Geography | 0 | 1 | 0 | 1 | 10 | 95 | 95.00 | 1 | 1 |
| Social Science | 0 | 1 | 0 | 0 | 10 | 97 | 97.00 | 0 | 1 |
| 0 | 1 | 0 | 0 | 10 | 106 | 106.00 | 0 | 1 | |
| Science - Physics | 0 | 1 | 2 | 0 | 0 | 107 | 107.00 | 0 | 1 |